| 000 | 01486nam a22003617a 4500 | ||
|---|---|---|---|
| 999 |
_c21501 _d21501 |
||
| 003 | AR-CdUCM | ||
| 008 | 190220b ||||| |||| 00| 0 spa d | ||
| 020 | _a9789972516122 | ||
| 040 |
_aMUNICIPALIDAD PROVINCIAL DEL CUSCO _cBIBLIOTECA MUNICIPAL DEL CUSCO |
||
| 082 |
_a304.873/B45 _bB45 |
||
| 100 |
_aBerg, Ulla D _945104 |
||
| 245 |
_aSujetos móviles : _braza, migración y pertenencia en el Perú y los Estados Unidos / _cUlla D. Berg ; [traducción, Aroma de la Cadena, Eloy Neira] |
||
| 260 |
_aLima : _bInstituto de Estudios Peruanos, IEP, _c2016. |
||
| 300 |
_a343 páginas. : _bilustraciones., mapas ; _c23 cm. |
||
| 440 |
_aUrbanización, Migraciones y Cambios en la Sociedad Peruana, _n27. _945105 |
||
| 500 |
_zBibliografía: p. [291]-343. _aTraducción de: Mobile selves: race, migration, and belonging in Peru and the US. |
||
| 650 |
_aEmigración e inmigración _945101 |
||
| 650 |
_aAspectos sociales _9262 |
||
| 650 |
_aPeruanos _927760 |
||
| 650 |
_aEstados Unidos _945106 |
||
| 650 |
_aCondiciones sociales _945107 |
||
| 650 |
_aCondiciones económicas _945108 |
||
| 650 |
_aIdentidad étnica _911670 |
||
| 650 |
_aTransnacionalismo _945109 |
||
| 650 |
_aIdentidad cultural _92943 |
||
| 650 |
_aEstados Unidos _945106 |
||
| 650 |
_aPerú _945110 |
||
| 700 |
_aCadena, Aroma de la (traductora) _945111 |
||
| 700 |
_aNeira Riquelme, Eloy (traductor) _945112 |
||
| 710 |
_aInstituto de Estudios Peruanos (Lima) _99759 |
||
| 942 |
_2ddc _cLIBROS |
||
| 945 | _aRoel | ||